Bedeutende Personen des Kaiserreichs - mit Bild - Statistiken

Allgemein
  • Dieses Quiz wurde 139 mal gespielt
  • Das Durchschnittsergebnis liegt bei 9 aus 22
Antwortstatistiken
Bildquiz Hint Antwort % Korrekt
1797-1888
Deutscher Kaiser
Wilhelm I
96%
1815-1898
Reichskanzler
Otto von Bismarck
88%
1859-1941
Deutscher Kaiser
Wilhelm II
85%
1831-1888
Deutscher Kaiser (99 Tage) zuvor Kronprinz
Friedrich III
78%
1845-1886
König von Bayern
Ludwig II
75%
1813-1883
Komponist bekannt für seine Opern
Richard Wagner
70%
1800-1891
Generalfeldmarschall und Chef des Generalstabs
Helmuth von Moltke
50%
1867-1929
letzter Kanzler des Kaiserreichs
Max von Baden
39%
1865-1937
Erster Generalquartiermeister
Erich Ludendorff
38%
1849-1930
Großadmiral und Staatssekretär des Reichsmarineamts
Alfred von Tirpitz
32%
1840-1913
SPD-Vorsitzender
August Bebel
30%
1831-1899
Reichskanzler
Leo von Caprivi
30%
1856-1921
Reichskanzler
Theobald von Bethmann Hollweg
27%
1845-1923
Physiker
Wilhelm Röntgen
22%
1849-1929
Reichskanzler
Bernhard von Bülow
21%
1849-1922
Schuster/ Hochstapler
Friedrich Wilhelm Voigt
19%
1842-1912
Schriftsteller
Karl May
18%
1803-1879
Generalfeldmarschall und preußischer Kriegsminister/ Ministerpräsident
Albrecht von Roon
17%
1870-1964
Generalmajor und Kommandeur der Schutztruppe in Deutsch-Ostafrika
Paul von Lettow-Vorbeck
17%
1848-1916
Generaloberst und Chef des Großen Generalstabs
Helmuth von Moltke
15%
1815-1884
Director der gesamten Musikchöre des III. Armeekorps
Johann Gottfried Piefke
10%
1812-1891
Reichstagsabgeordneter des Zentrums
Ludwig Windthorst
10%
Keine übereinstimmenden Quizze gefunden
Verteilung der Resultate
Anzahl Personen mit jedem Resultat
Perzentil nach korrekt beantworteten Fragen
Ihre Resultats-Entwicklung
Sie haben dieses Quiz noch nicht gespielt